Представление документа в формате RUSMARC

ПолеНазваниеЗначение
  Тип записи a
  Библиографический уровень m
001 Контрольный номер 13760970532445cf8189662242983511
005 Дата корректировки 20150302042849.2
010 Индекс ISBN __
a ISBN 978-5-4383-0020-5
101 Язык документа 0_
a Язык текста rus
102 Страна публикации __
a Страна публикации RU
200 Заглавие и сведения об ответственности 1_
a Заглавие Экономика таможенного дела
e Сведения, относящиеся к заглавию учеб. для вузов
f Первые сведения об ответственности Е. Л. Андрейчук, В. Ю. Дианова, В. П. Смирнов
210 Выходные данные 1_
c Издательство ИЦ Интермедия
a Место издания СПб.
d Дата издания 2013
215 Физическое описание __
a Объем 239, [1] с.
300 Общие примечания __
a Общие примечания гриф
610 Ключевые слова 0_
a Ключевые слова экономика таможенного дела
610 Ключевые слова 0_
a Ключевые слова таможенное дело
610 Ключевые слова 0_
a Ключевые слова таможенное регулирование
610 Ключевые слова 0_
a Ключевые слова таможенные органы
610 Ключевые слова 0_
a Ключевые слова специализация
610 Ключевые слова 0_
a Ключевые слова концентрация
610 Ключевые слова 0_
a Ключевые слова таможенные платежи
610 Ключевые слова 0_
a Ключевые слова таможенная служба
610 Ключевые слова 0_
a Ключевые слова трудовые ресурсы
610 Ключевые слова 0_
a Ключевые слова активы таможенных органов
610 Ключевые слова 0_
a Ключевые слова расходы таможенных органов
610 Ключевые слова 0_
a Ключевые слова планирование в таможенном деле
610 Ключевые слова 0_
a Ключевые слова инновации в таможенном деле
610 Ключевые слова 0_
a Ключевые слова международное сотрудничество
610 Ключевые слова 0_
a Ключевые слова россия
610 Ключевые слова 0_
a Ключевые слова учебник
610 Ключевые слова 0_
a Ключевые слова гриф
686 Индексы других классификаций __
a Классификационный индекс 65.9(2)843-18я73
2 Код системы rubbk
700 Автор _1
a Фамилия Андрейчук
b Имя Е. Л.
g Полное личное имя Елена Леонидовна
701 Альтернативная интеллектуальная ответственность _1
a Фамилия Дианова
b Имя В. Ю.
g Полное личное имя Валентина Юрьевна
701 Альтернативная интеллектуальная ответственность _1
a Фамилия Смирнов
b Имя В. П.
g Полное личное имя Владимир Петрович
801 Источник записи _0
a Страна RU
b Организация РУК
c Дата составления 20130219
g Правила каталогизации PSBO
801 Источник записи _1
a Страна RU
b Организация РУК
c Дата составления 20130219
g Правила каталогизации PSBO
852 Данные о местонахождении __
j Шифр хранения ББК 65.9(2)8
i Авторский знак А 65
901 Тип документа __
t Тип документа m
912 Принадлежность преподавателя к РУК __
a Принадлежность преподавателя к РУК Преподаватель Головного вуза
938 Служебная информация __
a Название организации Головной вуз
b Имя БД BOOK
c Название АИБС АИБС ИРБИС
938 Служебная информация __
a Название организации Дальневосточный филиал
952 Тип литературы __
b Гриф литературы для ВШ гриф